Yüklüyor......

ഭാരതത്തിന്റെ പുന൪ ജനനം

Detaylı Bibliyografya
Asıl Yazarlar: അരവിന്ദ൯, Aravindan
Diğer Yazarlar: പി നാരായണക്കുറുപ്പ്, വിവ, P Narayanakurup, Tr
Materyal Türü: Printed Book
Baskı/Yayın Bilgisi: MInistry of Human Resource Development; 2002
Edisyon:1st
Konular:
LEADER 00892nam a22002057a 4500
020 |a 81-85137-24-2 
082 |a 894.M4  |b ARA/B P2 
100 |a അരവിന്ദ൯;  |9 283065 
100 |a Aravindan  |9 283066 
240 |a Bharathathinte Punar Jananam 
245 |a ഭാരതത്തിന്റെ പുന൪ ജനനം 
250 |a 1st 
260 |b MInistry of Human Resource Development;  |c 2002 
650 |a മലയാളം; ലേഖനങ്ങള്‍-ഉപന്യാസങ്ങള്‍  |9 283067 
650 |a Malayalam; Essay  |9 283068 
700 |a പി നാരായണക്കുറുപ്പ്, വിവ.  |9 58760 
700 |a P Narayanakurup, Tr.  |9 58761 
942 |c BK 
999 |c 43933  |d 43933 
952 |0 0  |1 0  |4 0  |6 894_000000000000000_M4_ARA_B_P2  |7 0  |8 ESS  |9 50763  |a MAL  |b MAL  |d 2015-11-12  |e GM442  |g 100.00  |l 0  |o 894.M4 ARA/B P2  |p MALGM000442  |r 2015-11-12  |t 1  |w 2015-11-12  |y BK